| 000 | 01115cam a2200265 4500 | ||
|---|---|---|---|
| 008 | 020613n2002 000 0 eng u | ||
| 020 | _a184219092X | ||
| 022 | _a1464648X | ||
| 035 | _a(Sirsi) u118403 | ||
| 050 | _a690.241 | ||
| 100 | _aBoussaa, D. | ||
| 245 |
_aTowards an inter-Emirate urban conservation strategy in the United Arab Emirates _h[electronic resource] |
||
| 260 |
_aLondon _bRICS Foundation _c2002 |
||
| 300 |
_aiv,15p. _c30cm. |
||
| 490 | _aRICS Foundation Our Common Estate Series | ||
| 520 | _aExamines the problems facing heritage conservation in the Arab world using local case studies to illustrate the current situation. | ||
| 650 | _aBUILT HERITAGE | ||
| 650 | _aUAE | ||
| 650 | _aUNITED ARAB EMIRATES | ||
| 650 | _aURBAN CONSERVATION | ||
| 690 | _aBUILT ENVIRONMENT-BUILDING MAINTENANCE AND REFURBISHMENT-BUILDING CONSERVATION | ||
| 710 |
_aRoyal Institution of Chartered Surveyors _bFoundation _94173 |
||
| 856 | 4 | 1 |
_uhttps://epicms.rics.org/Global/Downloads/TowardsInterEmirateUrbanConservationStrategy2002.pdf _zView this item free of charge at www.rics.org |
| 942 | _n0 | ||
| 999 |
_c102138 _d102138 |
||